Score 0/7 Timer 03:00
0 Plays Today
Question Answer Wrong Answers
LaGuardia Airport opens in this American City.
1939
New York
91.1%
Chicago
3.2%
Los Angeles
2.9%
Miami
2.1%
The Naked Gun: From the Files of Police Squad!, starring this actor as Lieutenant Frank Drebin, is released.
1988
Leslie Nielsen
88.8%
Steve Martin
5.7%
Elliott Gould
2.4%
Peter MacNicol
1.6%
This Cuban-born actor and ex-husband of Lucille Ball dies in Del Mar, California at the age of 69.
1986
Desi Arnaz
83.4%
Cesar Romero
11.5%
Mel Ferrer
2.2%
Tomas Milian
1.4%
St Paul's Cathedral is consecrated for use in this European city.
1697
London
82.1%
Paris
9%
Prague
6.3%
Bucharest
2.5%
Franz Joseph I begins his nearly 68-year rule of this Empire.
1848
Austrian
74.9%
Ottoman
20.7%
Russian
2.3%
Roman
1.8%
The science fiction collection of short stories I, Robot, by this author, is first published.
1950
Isaac Asimov
70.2%
Arthur C. Clarke
15.3%
Philip K. Dick
9.9%
Orson Scott Card
3.5%
This Green Bay Packers quarterback, MVP of Super Bowl XLV, is born in Chico, California.
1983
Aaron Rodgers
68%
Drew Brees
6%
Eli Manning
19.9%
Greg Jennings
4.9%
Remove Ads.
Support Sporcle.
Get the best of Sporcle when you Go Orange. This ad-free experience offers more features, more stats, and more fun while also helping to support Sporcle. Thank you for becoming a member.

You're not logged in!

Compare scores with friends on all Sporcle quizzes.
OR
Log In

Show Comments

Extras

Top Quizzes Today


Score Distribution

Your Account Isn't Verified!

In order to create a playlist on Sporcle, you need to verify the email address you used during registration. Go to your Sporcle Settings to finish the process.

Report this User

Report this user for behavior that violates our Community Guidelines.

Details: